000 00511nam a2200181Ia 4500
005 20250508150830.0
008 008 250505s9999 xx 000 0 eng d
037 _aTextual
040 _aFEDL
_beng
_cFEDL
041 _aeng
_2eng
084 _a372.862, CAR
_qFEDL
100 _aCarr Victor
_9757772
245 0 _aWarne's book of engineering wonders
260 _aLondon, UK
_bFrederick Warne and Co Ltd
_c1950
300 _a64p
942 _cTEXL
_h372.862, CAR
999 _c1325944
_d1325944